| 000 | 00654nam a2200169 a 4500 | ||
|---|---|---|---|
| 008 | 120416s1961 ||||||||||||||||| || u | ||
| 050 | _aJS 4495 Hic | ||
| 100 | _aHicks, Ursula Kathleen | ||
| 245 | 1 | 0 | _aDevelopment from below |
| 246 | _alocal government and finance in developing countries of the Commonwealth | ||
| 260 |
_aOxford _bClarendon _c1961 |
||
| 300 | _axiii, 549p. : ill. | ||
| 350 | _a0.00 | ||
| 650 | _aGOVERNMENT | ||
| 650 | _aLOCAL GOVERNMENT AND FINANCE--DEVELOPING COUNTRIES | ||
| 995 |
_D0.00 _FCBU-MAIN LIBRARY (Kitwe) _H1 _I0.00 _M1 _UAVAILABLE _ZAnnex Low-Usage Collection |
||
| 999 |
_c39977 _d39977 |
||